000 00811pam a2200229 a 4500
001 3433919
005 20180216050532.0
008 910927s1992 mau b 001 0 eng
010 _a 91035846
020 _a0316845213
040 _aDLC
_cDLC
_dDLC
041 _aeng
080 _a155.264 TIE
082 0 0 _a155.264 TIE
_220
100 1 _a49
101 _aPSI
245 1 0 _aDo what you are :
_cPaul D. Tieger and Barbara Barron-Tieger.
504 _aIncludes bibliographical references (p. 322-323) and index.
906 _a7
_bcbc
_corignew
_d1
_eocip
_f19
_gy-gencatlg
942 _2ddc
_cBK
999 _c42772
_d42772